000 00889nam a2200253 a 4500
005 20171007020001.0
008 080604s2006 ck a jr 00010dspa d
020 _a9589798152
040 _aCO-BoBLA
_cCO-BoBLA
_dCO-BoIAvH
041 _aspa
044 _ack
082 0 4 _aI595.76
090 _aI-CUE-
_b05
100 1 _aUribe Hurtado, Cristina,
_d1956-
245 1 4 _aLos primeros aviadores /
_ctextos y fotografías Cristina Uribe.
250 _aSegunda edición
260 3 _aBogotá :
_bCristina Uribe Ediciones,
_c2009.
300 _a33 páginas :
_bfotografías a color. ;
_c23 centimetrosm.
490 _aLibros Educativos - Aprendiendo sobre el mundo en que vivimos.
500 _aGlosario : páginas 32-33.
650 6 _aEscarabajos
_x Hábitos y conducta
_v Literatura juvenil.
650 6 _aEscarabajos
_v Fotografías.
942 _2z
_cLIBRO
_01
999 _c19896
_d19896